000 00334nam a22001457a 4500
008 210312b ||||| |||| 00| 0 eng d
020 _a9780136076957
041 _aeng
080 _24th
_a004
082 _24th
_a004
100 _a35
101 _aSHKI
245 _aStarting out with Visual Basic 2008
_cGaddis,T
942 _2udc
_cBK
999 _c56586
_d56586